[Event "LEM Nachwuchs M-V u18 08.-12.02.2020"]
[Site "Aula Fleesenseeschule Malch"]
[Date "2020.02.09"]
[Round "3.9"]
[White "Meiske, Moritz"]
[Black "Müller, Sophie Charlotte"]
[Result "1/2-1/2"]
[WhiteElo "1273"]
[BlackElo "1224"]
[PlyCount "35"]
[EventDate "2020.??.??"]
[WhiteTeam "TSG Neustrelitz"]
[BlackTeam "SG Neubrandenburg"]

1. c4 Nf6 2. Nc3 g6 3. g3 Bg7 4. Bg2 O-O 5. d3 c6 6. Bg5 Re8 7. e4 d6 8. Nf3
Qb6 9. Rb1 e5 10. O-O Nbd7 11. Qd2 Nf8 12. Be3 Qc7 13. b4 Rd8 14. Rfd1 Ne6 15.
d4 Ng4 16. d5 cxd5 17. cxd5 Nf8 18. Nb5 1/2-1/2

[Event "LEM Nachwuchs M-V u18 08.-12.02.2020"]
[Site "Aula Fleesenseeschule Malch"]
[Date "2020.02.09"]
[Round "3.10"]
[White "Pfennigschmidt, Lennart"]
[Black "Tratzki, Mark Ulrich"]
[Result "1-0"]
[WhiteElo "1334"]
[BlackElo "1207"]
[PlyCount "73"]
[EventDate "2020.??.??"]
[WhiteTeam "SF Schwerin"]
[BlackTeam "Lok Pritzwalk"]

1. e4 d6 2. f4 Nc6 3. Nc3 e5 4. Bc4 Nf6 5. Nf3 Bg4 6. d3 Be7 7. Be3 exf4 8.
Bxf4 Nd4 9. h3 Bxf3 10. gxf3 Nh5 11. Be3 Bh4+ 12. Kd2 Qf6 13. f4 Nxf4 14. Bxd4
Qxd4 15. Qf3 Bg5 16. Kd1 c6 17. Rf1 Kd7 18. Qg4+ Ne6 19. Bxe6+ fxe6 20. Qxg5
Rhf8 21. Kd2 Rf2+ 22. Rxf2 Qxf2+ 23. Ne2 g6 24. Qh6 Rf8 25. Qxh7+ Rf7 26. Qxg6
Rf6 27. Qg7+ Rf7 28. Qd4 Qxd4 29. Nxd4 Rh7 30. Rh1 e5 31. Nf5 Ke6 32. Ke3 d5
33. h4 d4+ 34. Kf3 Rh8 35. h5 Kf6 36. h6 Kg6 37. Rg1+ 1-0

[Event "LEM Nachwuchs M-V u18 08.-12.02.2020"]
[Site "Aula Fleesenseeschule Malch"]
[Date "2020.02.10"]
[Round "4.1"]
[White "Gazizov, Max"]
[Black "Wurst, Benedikt"]
[Result "1-0"]
[WhiteElo "1689"]
[BlackElo "1636"]
[PlyCount "63"]
[EventDate "2020.??.??"]
[WhiteTeam "Think Rochade"]
[BlackTeam "SSC Rostock"]

1. d4 d5 2. c4 e6 3. Nc3 Be7 4. Nf3 Nf6 5. e3 O-O 6. Qc2 Nbd7 7. Bd3 c6 8. e4
dxe4 9. Nxe4 Nxe4 10. Bxe4 Nf6 11. Bd3 c5 12. dxc5 Bxc5 13. O-O h6 14. Bf4 b6
15. Rad1 Qe7 16. Nd2 Bd6 17. Bxd6 Qxd6 18. Ne4 Qe7 19. c5 Nxe4 20. Bxe4 Rb8 21.
c6 Qc7 22. b4 b5 23. Rd3 e5 24. Rfd1 Be6 25. Qc5 f6 26. a3 Rf7 27. Qd6 Re7 28.
Bg6 Rf8 29. Qc5 a6 30. Rd6 Bc8 31. Qd5+ Kh8 32. Rd8 1-0

[Event "LEM Nachwuchs M-V u18 08.-12.02.2020"]
[Site "Aula Fleesenseeschule Malch"]
[Date "2020.02.10"]
[Round "4.2"]
[White "Petrow, Jonas"]
[Black "Lange, Jannis"]
[Result "1-0"]
[WhiteElo "1811"]
[BlackElo "2054"]
[PlyCount "59"]
[EventDate "2020.??.??"]
[WhiteTeam "TuS Makkabi Rostock"]
[BlackTeam "Greifswalder SV"]

1. d4 Nf6 2. c4 g6 3. Nc3 d5 4. Nf3 Bg7 5. Qb3 e6 6. Bg5 c6 7. e3 O-O 8. Bd3
Qa5 9. cxd5 Nxd5 10. O-O Nxc3 11. bxc3 b6 12. e4 Ba6 13. c4 Bxd4 14. Bd2 Qh5
15. Nxd4 Rd8 16. Be3 c5 17. Nb5 Rd7 18. Qc2 Nc6 19. Be2 Qh4 20. g3 Qh3 21. Rad1
Re7 22. Bg5 f6 23. Bxf6 Rf7 24. e5 Bb7 25. f3 Nb4 26. Qb2 Rff8 27. Rd7 Rfb8 28.
Qd2 Nd5 29. cxd5 exd5 30. Rxb7 1-0

[Event "LEM Nachwuchs M-V u18 08.-12.02.2020"]
[Site "Aula Fleesenseeschule Malch"]
[Date "2020.02.10"]
[Round "4.3"]
[White "Wiese, Erik"]
[Black "Schwenck, Fabian"]
[Result "0-1"]
[WhiteElo "1523"]
[BlackElo "974"]
[PlyCount "77"]
[EventDate "2020.??.??"]
[WhiteTeam "Think Rochade"]
[BlackTeam "SG Güstrow"]

1. c4 e6 2. Nf3 d5 3. e3 Nf6 4. d4 c6 5. Nc3 Nbd7 6. Be2 dxc4 7. Bxc4 b5 8. Bd3
Bb7 9. O-O a6 10. Bd2 c5 11. Qc2 c4 12. Be4 Nxe4 13. Nxe4 Be7 14. Rac1 O-O 15.
Ng3 Rc8 16. e4 Nb6 17. Ba5 Bd6 18. Rfd1 Bc7 19. Bc3 Na4 20. Nf1 Nxc3 21. bxc3
Qe7 22. Ne3 Rfd8 23. h4 Bb6 24. Rd2 h6 25. Rcd1 a5 26. a4 b4 27. cxb4 c3 28.
Re2 axb4 29. d5 Bxe3 30. Rxe3 exd5 31. exd5 Qc7 32. Red3 Qc4 33. Rd4 b3 34. Qc1
b2 35. Qc2 Qa2 36. d6 Bxf3 37. gxf3 Rb8 38. Rb1 Qxb1+ 39. Qxb1 0-1

[Event "LEM Nachwuchs M-V u18 08.-12.02.2020"]
[Site "Aula Fleesenseeschule Malch"]
[Date "2020.02.10"]
[Round "4.4"]
[White "Trams, Emma Joe"]
[Black "Trampnau, Jan-Niklas"]
[Result "0-1"]
[WhiteElo "1466"]
[BlackElo "1590"]
[PlyCount "82"]
[EventDate "2020.??.??"]
[WhiteTeam "SG Jasmund"]
[BlackTeam "ESV Wittenberge"]

1. e4 c6 2. d4 d5 3. exd5 cxd5 4. Nc3 a6 5. Be2 Bf5 6. Nf3 e6 7. a3 Nc6 8. O-O
Bd6 9. Be3 h6 10. Rc1 Na5 11. Nd2 Qc7 12. h3 Nf6 13. Bf3 O-O 14. Re1 Rfc8 15.
Nb3 Nc4 16. Na4 b5 17. Nac5 Nxb2 18. Qe2 Nc4 19. Ra1 Nxe3 20. fxe3 Nd7 21. Nxd7
Qxd7 22. Rec1 Rc3 23. Qd2 Rac8 24. Nc5 R3xc5 25. dxc5 Rxc5 26. Ra2 Qc7 27. Bd1
Rc3 28. Rca1 a5 29. Kh1 Qc5 30. Bf3 Be5 31. Rf1 Bxc2 32. Rc1 Bb3 33. Raa1 Qxe3
34. Qxe3 Rxe3 35. Rab1 Bc4 36. Kg1 Rxa3 37. Rd1 a4 38. Kh1 Ra2 39. Rb4 a3 40.
Rc1 Rb2 41. Rxb2 axb2 0-1

[Event "LEM Nachwuchs M-V u18 08.-12.02.2020"]
[Site "Aula Fleesenseeschule Malch"]
[Date "2020.02.10"]
[Round "4.5"]
[White "Trömer, Axel"]
[Black "Witek, Jarne"]
[Result "0-1"]
[WhiteElo "1373"]
[BlackElo "1399"]
[PlyCount "68"]
[EventDate "2020.??.??"]
[WhiteTeam "SAV Torgelow"]
[BlackTeam "SSC Rostock"]

1. e4 c5 2. c3 d5 3. exd5 Qxd5 4. d4 e5 5. Nf3 cxd4 6. cxd4 Nc6 7. Nc3 Bb4 8.
a3 Bxc3+ 9. bxc3 Nge7 10. Bb2 exd4 11. cxd4 Bg4 12. Be2 Qa5+ 13. Qd2 Qxd2+ 14.
Nxd2 Bxe2 15. Kxe2 Rd8 16. Nb3 Nf5 17. Rhd1 O-O 18. Rd2 Rfe8+ 19. Kf1 Nd6 20.
Rc1 Ne4 21. Rd3 Rd5 22. Re1 Kf8 23. f3 Nd6 24. Nc5 Nc4 25. Ba1 Rxe1+ 26. Kxe1
b6 27. Ne4 Ke7 28. Nc3 Ra5 29. a4 Nb4 30. Rd1 Ne3 31. Rd2 Nec2+ 32. Kf1 Nxa1
33. Re2+ Kd7 34. Rb2 Nac2 0-1

[Event "LEM Nachwuchs M-V u18 08.-12.02.2020"]
[Site "Aula Fleesenseeschule Malch"]
[Date "2020.02.10"]
[Round "4.6"]
[White "Thote, Christian"]
[Black "Camen, Lisette"]
[Result "1-0"]
[WhiteElo "1581"]
[BlackElo "1366"]
[PlyCount "81"]
[EventDate "2020.??.??"]
[WhiteTeam "SF Schwerin"]
[BlackTeam "Lok Pritzwalk"]

1. d4 Nf6 2. c4 g6 3. Nc3 Bg7 4. Nf3 d6 5. Bf4 Bf5 6. e3 Nbd7 7. Be2 O-O 8. O-O
Rb8 9. Rc1 Re8 10. h3 Rc8 11. g4 Be4 12. Ng5 e5 13. Bg3 exd4 14. exd4 b6 15. f4
h6 16. Nf3 c6 17. d5 cxd5 18. cxd5 a5 19. Bb5 Re7 20. a3 Nc5 21. b4 axb4 22.
axb4 Nb7 23. Re1 Bxf3 24. Qxf3 Rxe1+ 25. Bxe1 Qc7 26. Bc6 Nd8 27. Nb5 Qb8 28.
f5 Nxc6 29. dxc6 Ne8 30. fxg6 fxg6 31. Qd5+ Kh7 32. Bg3 Be5 33. Bxe5 dxe5 34.
Qd7+ Kh8 35. Rf1 Ng7 36. Rf7 Rg8 37. c7 Qe8 38. Rxg7 Qxd7 39. Rxd7 e4 40. Kf2
e3+ 41. Ke2 1-0

[Event "LEM Nachwuchs M-V u18 08.-12.02.2020"]
[Site "Aula Fleesenseeschule Malch"]
[Date "2020.02.10"]
[Round "4.7"]
[White "Müller, Sophie Charlotte"]
[Black "Puls, Luisa"]
[Result "1/2-1/2"]
[WhiteElo "1224"]
[BlackElo "1551"]
[PlyCount "58"]
[EventDate "2020.??.??"]
[WhiteTeam "SG Neubrandenburg"]
[BlackTeam "VT Ludwigslust"]

1. e4 c5 2. d3 g6 3. Nf3 Nc6 4. g3 Bg7 5. Bg2 d6 6. O-O Nf6 7. Nc3 O-O 8. Re1
a6 9. Bg5 Be6 10. Nd2 Nd7 11. f4 Qc7 12. Nd5 Qd8 13. f5 Bxd5 14. exd5 Nce5 15.
Rf1 b5 16. Ne4 h6 17. Be3 Qc7 18. h3 Kh7 19. Rc1 a5 20. b3 b4 21. g4 Nf6 22. g5
Nxe4 23. dxe4 h5 24. Qe2 Qd8 25. Kh1 a4 26. h4 axb3 27. axb3 Rb8 28. Bh3 Ra8
29. Qf2 Rb8 1/2-1/2

[Event "LEM Nachwuchs M-V u18 08.-12.02.2020"]
[Site "Aula Fleesenseeschule Malch"]
[Date "2020.02.10"]
[Round "4.8"]
[White "Eulitz, Charlotte"]
[Black "Neubert, Conrad"]
[Result "1-0"]
[WhiteElo "1566"]
[BlackElo "1649"]
[PlyCount "36"]
[EventDate "2020.??.??"]
[WhiteTeam "SG Güstrow"]
[BlackTeam "SF Schwerin"]

1. e4 e6 2. d4 d5 3. Nc3 Nf6 4. exd5 exd5 5. Bg5 c6 6. Nf3 h6 7. Bh4 Bg4 8. Qd3
Bd6 9. Ne5 Be6 10. Be2 O-O 11. O-O-O c5 12. f4 c4 13. Qf3 Bb4 14. Bxf6 Qxf6 15.
Nxd5 Bxd5 16. Qxd5 Qxf4+ 17. Kb1 c3 18. Qxb7 f6 1-0

[Event "LEM Nachwuchs M-V u18 08.-12.02.2020"]
[Site "Aula Fleesenseeschule Malch"]
[Date "2020.02.10"]
[Round "4.9"]
[White "Pfennigschmidt, Lennart"]
[Black "Meiske, Moritz"]
[Result "1-0"]
[WhiteElo "1334"]
[BlackElo "1273"]
[PlyCount "69"]
[EventDate "2020.??.??"]
[WhiteTeam "SF Schwerin"]
[BlackTeam "TSG Neustrelitz"]

1. e4 c6 2. f4 d5 3. e5 Bf5 4. Nc3 e6 5. d4 Bb4 6. Bd3 Bxc3+ 7. bxc3 Ne7 8. Ba3
Bxd3 9. Qxd3 Nd7 10. Nf3 h6 11. g4 Rc8 12. f5 exf5 13. gxf5 c5 14. Rg1 cxd4 15.
cxd4 Qa5+ 16. Nd2 Rc3 17. Qf1 Rxa3 18. Rxg7 Rxa2 19. Rxa2 Qxa2 20. Qf4 Qxc2 21.
f6 Nf5 22. e6 fxe6 23. Qg4 Nxf6 24. Qg6+ Kd8 25. Qxf6+ Kc8 26. Qxe6+ Kb8 27.
Qe5+ Kc8 28. Rf7 Qc1+ 29. Ke2 Nxd4+ 30. Qxd4 Re8+ 31. Kd3 Qa3+ 32. Kc2 Qa2+ 33.
Kd1 Re6 34. Qh8+ Re8 35. Qxe8# 1-0

[Event "LEM Nachwuchs M-V u18 08.-12.02.2020"]
[Site "Aula Fleesenseeschule Malch"]
[Date "2020.02.10"]
[Round "4.10"]
[White "Tratzki, Mark Ulrich"]
[Black "Warda, Michelangelo"]
[Result "1-0"]
[WhiteElo "1207"]
[BlackElo "1183"]
[PlyCount "71"]
[EventDate "2020.??.??"]
[WhiteTeam "Lok Pritzwalk"]
[BlackTeam "ESV Wittenberge"]

1. d4 c6 2. e4 d5 3. exd5 cxd5 4. Nf3 a6 5. Bd3 e6 6. O-O Nf6 7. Bf4 Be7 8.
Nbd2 h6 9. c3 Nbd7 10. h3 O-O 11. a4 Qb6 12. Qc2 Bd6 13. Bxd6 Qxd6 14. a5 b6
15. axb6 Nxb6 16. b3 Nbd7 17. c4 dxc4 18. bxc4 Bb7 19. c5 Qc6 20. Rfe1 Nd5 21.
Be4 Rfe8 22. Nc4 N7f6 23. Nfe5 Qc7 24. Nd6 Re7 25. Nxb7 Qxb7 26. Rab1 Qc7 27.
Bf3 Ree8 28. c6 Reb8 29. Qc5 Ra7 30. Rec1 Rxb1 31. Rxb1 g5 32. g4 Kg7 33. Rb3
Kg8 34. Nc4 Ne8 35. Na5 Qd6 36. Qxa7 1-0

[Event "LEM Nachwuchs M-V u18 08.-12.02.2020"]
[Site "Aula Fleesenseeschule Malch"]
[Date "2020.02.11"]
[Round "5.1"]
[White "Lange, Jannis"]
[Black "Gazizov, Max"]
[Result "1-0"]
[WhiteElo "2054"]
[BlackElo "1689"]
[PlyCount "65"]
[EventDate "2020.??.??"]
[WhiteTeam "Greifswalder SV"]
[BlackTeam "Think Rochade"]

1. e4 c5 2. Nf3 e6 3. d4 cxd4 4. Nxd4 a6 5. Bd3 Nc6 6. Nxc6 dxc6 7. O-O Nf6 8.
e5 Nd7 9. Qe2 Qc7 10. Bf4 b5 11. Nd2 c5 12. c4 b4 13. Bg3 Bb7 14. f4 Be7 15. f5
O-O-O 16. fxe6 fxe6 17. Rf7 Bg5 18. Ne4 Bxe4 19. Bxe4 Bh6 20. Rd1 Rhf8 21.
Rdxd7 Qxd7 22. Rxd7 Rxd7 23. Bf3 Kd8 24. h3 Bf4 25. Bf2 Rf5 26. Qe4 Rc7 27. Bg4
Bh2+ 28. Kxh2 Rxf2 29. Bxe6 Rf8 30. Qd5+ Ke8 31. Qd6 b3 32. Qxc7 bxa2 33. Qd7#
1-0

[Event "LEM Nachwuchs M-V u18 08.-12.02.2020"]
[Site "Aula Fleesenseeschule Malch"]
[Date "2020.02.11"]
[Round "5.2"]
[White "Wurst, Benedikt"]
[Black "Petrow, Jonas"]
[Result "1/2-1/2"]
[WhiteElo "1636"]
[BlackElo "1811"]
[PlyCount "101"]
[EventDate "2020.??.??"]
[WhiteTeam "SSC Rostock"]
[BlackTeam "TuS Makkabi Rostock"]

1. e4 c5 2. c3 g6 3. d4 cxd4 4. Qxd4 Nf6 5. e5 Nc6 6. Qe3 Nd5 7. Qe4 Nb6 8. f4
d6 9. exd6 Qxd6 10. Bb5 Bg7 11. Nf3 O-O 12. Bxc6 bxc6 13. O-O Bf5 14. Qe3 Nd5
15. Qd2 Qc7 16. Nd4 Be4 17. Qe2 Nf6 18. Nd2 Bf5 19. Nxf5 gxf5 20. Nb3 Ne4 21.
Be3 e6 22. Bd4 Bxd4+ 23. Nxd4 Kh8 24. Kh1 Rg8 25. Rf3 Rg4 26. Raf1 Rag8 27. g3
c5 28. Nc2 h5 29. Ne3 R4g7 30. Ng2 f6 31. Nh4 Rd8 32. Rd3 Rxd3 33. Qxd3 Qc6 34.
Qf3 Qe8 35. Rd1 Kg8 36. Kg1 Rd7 37. Rxd7 Qxd7 38. Qxh5 Qd2 39. Qe8+ Kg7 40.
Qe7+ Kg8 41. Qxe6+ Kf8 42. Qc8+ Kf7 43. Qb7+ Kg8 44. Qa8+ Kf7 45. Qxa7+ Kg8 46.
Qb8+ Kf7 47. Qb7+ Kg8 48. Qb5 Qf2+ 49. Kh1 Qe1+ 50. Kg2 Qd2+ 51. Kh1 1/2-1/2

[Event "LEM Nachwuchs M-V u18 08.-12.02.2020"]
[Site "Aula Fleesenseeschule Malch"]
[Date "2020.02.11"]
[Round "5.3"]
[White "Trampnau, Jan-Niklas"]
[Black "Schwenck, Fabian"]
[Result "1-0"]
[WhiteElo "1590"]
[BlackElo "974"]
[PlyCount "107"]
[EventDate "2020.??.??"]
[WhiteTeam "ESV Wittenberge"]
[BlackTeam "SG Güstrow"]

1. d4 Nf6 2. c3 e6 3. Bf4 c5 4. e3 d5 5. Nf3 Nc6 6. Nbd2 Be7 7. Bd3 O-O 8. O-O
Nh5 9. Be5 f6 10. Bg3 Nxg3 11. hxg3 g6 12. dxc5 Bxc5 13. Nb3 Bd6 14. Bc2 Na5
15. Nxa5 Qxa5 16. c4 Rd8 17. cxd5 Qxd5 18. Nd4 Bd7 19. Bb3 Qa5 20. Bxe6+ Bxe6
21. Nxe6 Rd7 22. Qb3 Kh8 23. Rfd1 Qe5 24. Rac1 b6 25. Qd5 Qxd5 26. Rxd5 Re8 27.
Nf4 Ree7 28. Rcd1 g5 29. Rxd6 Rxd6 30. Rxd6 gxf4 31. gxf4 Kg7 32. Kf1 Rc7 33.
Rd2 Kg6 34. g4 Rc1+ 35. Kg2 Rc6 36. Rd5 Rc2 37. Rb5 Rc6 38. a4 a6 39. Rd5 Rc4
40. Rd4 Rc7 41. Rd6 Rb7 42. e4 a5 43. e5 Kf7 44. Rxf6+ Ke7 45. f5 b5 46. Rh6
Kf8 47. axb5 Rxb5 48. Rxh7 Rxe5 49. Ra7 Rd5 50. Kg3 Ke8 51. f6 Rd6 52. g5 Rd3+
53. Kg4 Rd4+ 54. f4 1-0

[Event "LEM Nachwuchs M-V u18 08.-12.02.2020"]
[Site "Aula Fleesenseeschule Malch"]
[Date "2020.02.11"]
[Round "5.4"]
[White "Witek, Jarne"]
[Black "Wiese, Erik"]
[Result "1-0"]
[WhiteElo "1399"]
[BlackElo "1523"]
[PlyCount "55"]
[EventDate "2020.??.??"]
[WhiteTeam "SSC Rostock"]
[BlackTeam "Think Rochade"]

1. d4 Nf6 2. c4 e6 3. Nf3 d5 4. Nc3 Bb4 5. Bf4 O-O 6. e3 Nbd7 7. Qc2 b6 8. cxd5
Nxd5 9. Bg5 f6 10. Bh4 Qe8 11. a3 Bd6 12. Bc4 Bb7 13. O-O Rc8 14. Qb3 c5 15.
Nxd5 b5 16. Nxf6+ Nxf6 17. Bxe6+ Kh8 18. Bxc8 Bxc8 19. dxc5 Bxc5 20. Rac1 Ne4
21. Rfd1 Bd6 22. Qd5 Qg6 23. Bg3 Be6 24. Qxb5 Bg4 25. Qc6 h6 26. Rxd6 Nxd6 27.
Qxd6 Qf7 28. Qf4 1-0

[Event "LEM Nachwuchs M-V u18 08.-12.02.2020"]
[Site "Aula Fleesenseeschule Malch"]
[Date "2020.02.11"]
[Round "5.5"]
[White "Eulitz, Charlotte"]
[Black "Thote, Christian"]
[Result "1/2-1/2"]
[WhiteElo "1566"]
[BlackElo "1581"]
[PlyCount "77"]
[EventDate "2020.??.??"]
[WhiteTeam "SG Güstrow"]
[BlackTeam "SF Schwerin"]

1. e4 c5 2. Nf3 d6 3. d4 cxd4 4. Nxd4 Nf6 5. Nc3 a6 6. Be2 Nc6 7. Be3 g6 8. f3
Bg7 9. Qd2 Bd7 10. O-O O-O 11. Rad1 Qc7 12. Kh1 b5 13. Nxc6 Bxc6 14. Nd5 Qb7
15. b3 Rfd8 16. Bg5 Bxd5 17. exd5 Rac8 18. c4 b4 19. Bd3 Ne8 20. Qe3 Bf6 21.
Rde1 Rd7 22. Bxf6 Nxf6 23. f4 Qa7 24. Qg3 Qd4 25. f5 Qg4 26. Qe3 g5 27. Rf3 Qh4
28. Rg3 Ng4 29. Qg1 Ne5 30. Re4 g4 31. Bb1 Kh8 32. Qf2 Rg8 33. Rf4 f6 34. Qb6
Qg5 35. Qe3 h5 36. Qf2 Qh6 37. h4 Rc8 38. Qe3 Rc5 39. Re4 1/2-1/2

[Event "LEM Nachwuchs M-V u18 08.-12.02.2020"]
[Site "Aula Fleesenseeschule Malch"]
[Date "2020.02.11"]
[Round "5.6"]
[White "Trömer, Axel"]
[Black "Pfennigschmidt, Lennart"]
[Result "0-1"]
[WhiteElo "1373"]
[BlackElo "1334"]
[PlyCount "48"]
[EventDate "2020.??.??"]
[WhiteTeam "SAV Torgelow"]
[BlackTeam "SF Schwerin"]

1. e4 e5 2. Nf3 Nf6 3. Nc3 Nc6 4. a3 b6 5. d4 exd4 6. Nxd4 Bb7 7. Bg5 Be7 8.
Nf3 O-O 9. Bd3 d6 10. O-O Nd7 11. Qd2 Nde5 12. Bxe7 Nxf3+ 13. gxf3 Qxe7 14. Qe3
Rae8 15. Bc4 Ne5 16. Bb3 Kh8 17. Nd5 Bxd5 18. Bxd5 c6 19. Bb3 f5 20. Kh1 f4 21.
Qc3 Qh4 22. Rg1 Qh5 23. Rad1 Rf6 24. Rg2 Rd8 {Zeitüberschreitung} 0-1

[Event "LEM Nachwuchs M-V u18 08.-12.02.2020"]
[Site "Aula Fleesenseeschule Malch"]
[Date "2020.02.11"]
[Round "5.7"]
[White "Puls, Luisa"]
[Black "Trams, Emma Joe"]
[Result "0-1"]
[WhiteElo "1551"]
[BlackElo "1466"]
[PlyCount "112"]
[EventDate "2020.??.??"]
[WhiteTeam "VT Ludwigslust"]
[BlackTeam "SG Jasmund"]

1. e4 e5 2. Nf3 Nc6 3. d4 exd4 4. Nxd4 Nxd4 5. Qxd4 d6 6. Be3 Be6 7. Nc3 Nf6 8.
O-O-O Be7 9. Be2 O-O 10. h4 Ng4 11. Bxg4 Bxg4 12. Rdg1 Be6 13. Qd3 Bf6 14. Ne2
h6 15. h5 Qc8 16. f3 Qd7 17. g4 Be7 18. g5 hxg5 19. Bxg5 f6 20. Bh6 Rf7 21. f4
Kh7 22. f5 gxh6 23. fxe6 Qxe6 24. Nc3 f5 25. Qg3 Bg5+ 26. Kb1 fxe4 27. Re1 e3
28. Qg2 c6 29. Qe4+ Qxe4 30. Nxe4 Bf4 31. Rhf1 Raf8 32. a3 Rf5 33. Rh1 Re8 34.
Nc3 Ree5 35. Rhf1 Bg5 36. Rg1 Bh4 37. Re2 Rxh5 38. Nd1 Bg5 39. Ka2 Rh3 40. Rf1
Kg7 41. Nc3 h5 42. Rg2 h4 43. Ne2 Kh6 44. Kb3 c5 45. c3 b5 46. c4 a6 47. Kc3 d5
48. cxd5 Rxd5 49. b3 Rd2 50. a4 Rd4 51. Kc2 b4 52. Kb2 a5 53. Kc2 Rd2+ 54. Kb1
Rg3 55. Rh2 Rg4 56. Rh3 Rxe2 0-1

[Event "LEM Nachwuchs M-V u18 08.-12.02.2020"]
[Site "Aula Fleesenseeschule Malch"]
[Date "2020.02.11"]
[Round "5.8"]
[White "Camen, Lisette"]
[Black "Müller, Sophie Charlotte"]
[Result "0-1"]
[WhiteElo "1366"]
[BlackElo "1224"]
[PlyCount "68"]
[EventDate "2020.??.??"]
[WhiteTeam "Lok Pritzwalk"]
[BlackTeam "SG Neubrandenburg"]

1. c4 d6 2. Nc3 g6 3. g3 Bg7 4. Bg2 Nf6 5. Nf3 O-O 6. O-O Bf5 7. d3 Nbd7 8. Be3
c5 9. Qd2 Ng4 10. h3 Nxe3 11. Qxe3 Nf6 12. Rad1 e5 13. Qd2 Qd7 14. h4 Rad8 15.
e3 b6 16. d4 e4 17. Ng5 Rfe8 18. f3 exf3 19. Nxf3 Ng4 20. e4 Bxe4 21. Nxe4 Rxe4
22. Ne5 Bxe5 23. Bxe4 Bxd4+ 24. Kh1 Ne3 25. Qh2 Nxd1 26. Rxd1 Qg4 27. Re1 Re8
28. Qg2 Bxb2 29. Re2 Be5 30. Bd5 Kf8 31. Qf1 f5 32. Rf2 Bxg3 33. Rg2 Qxh4+ 34.
Kg1 Re1 0-1

[Event "LEM Nachwuchs M-V u18 08.-12.02.2020"]
[Site "Aula Fleesenseeschule Malch"]
[Date "2020.02.11"]
[Round "5.9"]
[White "Meiske, Moritz"]
[Black "Tratzki, Mark Ulrich"]
[Result "1/2-1/2"]
[WhiteElo "1273"]
[BlackElo "1207"]
[PlyCount "42"]
[EventDate "2020.??.??"]
[WhiteTeam "TSG Neustrelitz"]
[BlackTeam "Lok Pritzwalk"]

1. c4 Nf6 2. Nc3 g6 3. g3 Bg7 4. Bg2 O-O 5. d3 c6 6. e4 d6 7. Nge2 Bg4 8. f3
Be6 9. O-O Qc8 10. Be3 Bh3 11. Qd2 Bxg2 12. Kxg2 Nbd7 13. Bh6 Qc7 14. b4 Ne5
15. Bxg7 Kxg7 16. Rac1 Rfd8 17. Nd1 e6 18. d4 Ned7 19. Ne3 c5 20. d5 exd5 21.
cxd5 b6 1/2-1/2

[Event "LEM Nachwuchs M-V u18 08.-12.02.2020"]
[Site "Aula Fleesenseeschule Malch"]
[Date "2020.02.11"]
[Round "6.1"]
[White "Trampnau, Jan-Niklas"]
[Black "Lange, Jannis"]
[Result "0-1"]
[WhiteElo "1590"]
[BlackElo "2054"]
[PlyCount "57"]
[EventDate "2020.??.??"]
[WhiteTeam "ESV Wittenberge"]
[BlackTeam "Greifswalder SV"]

1. d4 Nf6 2. c3 d5 3. Bf4 c5 4. e3 Nc6 5. Nf3 Qb6 6. Qc1 g6 7. Bd3 Bg7 8. Ne5
Nd7 9. Nxc6 Qxc6 10. Nd2 e5 11. dxe5 Nxe5 12. Bc2 O-O 13. O-O b6 14. Bxe5 Bxe5
15. Nf3 Bg7 16. Re1 Re8 17. Qd2 Bb7 18. Ng5 d4 19. Be4 Rxe4 20. Nxe4 Qxe4 21.
f3 dxc3 22. bxc3 Qd5 23. Qc2 Qc4 24. Rac1 Re8 25. Re2 Bh6 26. Rce1 Ba6 27. f4
Bxf4 28. exf4 Rxe2 29. Qxe2 0-1

[Event "LEM Nachwuchs M-V u18 08.-12.02.2020"]
[Site "Aula Fleesenseeschule Malch"]
[Date "2020.02.11"]
[Round "6.2"]
[White "Gazizov, Max"]
[Black "Petrow, Jonas"]
[Result "0-1"]
[WhiteElo "1689"]
[BlackElo "1811"]
[PlyCount "93"]
[EventDate "2020.??.??"]
[WhiteTeam "Think Rochade"]
[BlackTeam "TuS Makkabi Rostock"]

1. d4 Nf6 2. c4 g6 3. Nc3 Bg7 4. e4 d6 5. Nf3 O-O 6. Be2 e5 7. O-O Nc6 8. d5
Ne7 9. Be3 Nh5 10. c5 Nf4 11. Bc4 f5 12. Ng5 h6 13. Ne6 Bxe6 14. dxe6 fxe4 15.
Qb3 d5 16. Bb5 c6 17. Ba4 Rb8 18. Rfd1 Qc8 19. Bxf4 exf4 20. Qc2 Qxe6 21. Bb3
Kh7 22. f3 exf3 23. gxf3 Nf5 24. Qf2 Bxc3 25. bxc3 Qe3 26. c4 Qxf2+ 27. Kxf2
Ne3 28. Rd4 dxc4 29. Bxc4 Rbd8 30. Rxd8 Rxd8 31. Be6 Rd2+ 32. Kg1 b6 33. Rb1
Rd1+ 34. Rxd1 Nxd1 35. Kf1 bxc5 36. Ke2 Ne3 37. Kd3 Kg7 38. Bd7 Kf6 39. Ke4 g5
40. Bxc6 Ke6 41. Ba4 Kd6 42. Be8 Kc7 43. h4 gxh4 44. Kxf4 h3 45. Kg3 c4 46. f4
c3 47. Ba4 0-1

[Event "LEM Nachwuchs M-V u18 08.-12.02.2020"]
[Site "Aula Fleesenseeschule Malch"]
[Date "2020.02.11"]
[Round "6.3"]
[White "Witek, Jarne"]
[Black "Wurst, Benedikt"]
[Result "0-1"]
[WhiteElo "1399"]
[BlackElo "1636"]
[PlyCount "74"]
[EventDate "2020.??.??"]
[WhiteTeam "SSC Rostock"]
[BlackTeam "SSC Rostock"]

1. e4 e5 2. Nf3 Nc6 3. Nc3 Nf6 4. Be2 Be7 5. O-O O-O 6. d4 exd4 7. Nxd4 d6 8.
Be3 Nxd4 9. Bxd4 b6 10. e5 dxe5 11. Bxe5 Bb7 12. Qxd8 Bxd8 13. Rfe1 Re8 14. Bg3
a6 15. Bd3 Rxe1+ 16. Rxe1 c5 17. Bd6 g6 18. Be7 Bxe7 19. Rxe7 Bd5 20. Nxd5 Nxd5
21. Rd7 Nb4 22. a3 Nxd3 23. Rxd3 c4 24. Rd6 b5 25. Kf1 Kf8 26. Ke2 Ke7 27. Rb6
h5 28. Kd2 g5 29. Kc3 f6 30. Kb4 Rd8 31. Kc3 Rd6 32. Rxd6 Kxd6 33. Kb4 Kc6 34.
Ka5 Kb7 35. a4 Kc6 36. Kxa6 bxa4 37. Ka5 c3 0-1

[Event "LEM Nachwuchs M-V u18 08.-12.02.2020"]
[Site "Aula Fleesenseeschule Malch"]
[Date "2020.02.11"]
[Round "6.4"]
[White "Schwenck, Fabian"]
[Black "Pfennigschmidt, Lennart"]
[Result "0-1"]
[WhiteElo "974"]
[BlackElo "1334"]
[PlyCount "96"]
[EventDate "2020.??.??"]
[WhiteTeam "SG Güstrow"]
[BlackTeam "SF Schwerin"]

1. e4 e5 2. Nf3 Nf6 3. Nxe5 d6 4. Nf3 Nxe4 5. Nc3 Nxc3 6. dxc3 Be7 7. Bc4 b6 8.
Qd5 Be6 9. Qxa8 Bxc4 10. Qe4 d5 11. Qg4 O-O 12. Be3 Re8 13. b3 Bb5 14. O-O-O
Ba3+ 15. Kb1 c5 16. Bh6 g6 17. h4 Qf6 18. Bc1 Bxc1 19. Rxc1 Bd7 20. Qg5 Qxc3
21. h5 Bf5 22. hxg6 Bxg6 23. Rhe1 Rxe1 24. Qd8+ Kg7 25. Nxe1 Nc6 26. Qxd5 Nd4
27. Qe5+ Kh6 28. Qe3+ Qxe3 29. fxe3 Ne2 30. Rd1 Nc3+ 31. Kc1 Nxd1 32. Kxd1 Be4
33. g3 Kg5 34. Kd2 Kg4 35. Nd3 Kxg3 36. Ne5 f5 37. Nf7 h5 38. c3 h4 39. Ng5 h3
40. Nxh3 Kxh3 41. b4 c4 42. Ke2 Kg3 43. a4 Bd3+ 44. Kd2 Kf3 45. b5 Kf2 46. Kd1
Kxe3 47. Ke1 f4 48. Kd1 f3 0-1

[Event "LEM Nachwuchs M-V u18 08.-12.02.2020"]
[Site "Aula Fleesenseeschule Malch"]
[Date "2020.02.11"]
[Round "6.5"]
[White "Thote, Christian"]
[Black "Trams, Emma Joe"]
[Result "1-0"]
[WhiteElo "1581"]
[BlackElo "1466"]
[PlyCount "59"]
[EventDate "2020.??.??"]
[WhiteTeam "SF Schwerin"]
[BlackTeam "SG Jasmund"]

1. d4 d5 2. c4 e6 3. Bf4 Nf6 4. e3 Nc6 5. Nc3 Bd6 6. Bxd6 Qxd6 7. Nf3 O-O 8.
Be2 Re8 9. O-O Ne7 10. c5 Qd8 11. b4 a6 12. a4 c6 13. b5 axb5 14. axb5 Rxa1 15.
Qxa1 b6 16. Ne5 bxc5 17. bxc6 Qc7 18. Nb5 Qb6 19. dxc5 Qxc5 20. Rc1 Qb6 21. Qa7
Qxa7 22. Nxa7 Ne4 23. c7 f6 24. Bb5 Rf8 25. Nd7 Rf7 26. Nb6 Nd6 27. Nbxc8 Nexc8
28. Nxc8 Nxb5 29. Ne7+ Kf8 30. c8=Q+ 1-0